[Event "Dubai The Arbor blitz op"]
[Site "Dubai"]
[Date "2019.04.12"]
[Round "6"]
[White "Kurbanov, Djakhongir"]
[Black "Taguba, Gerald"]
[Result "1-0"]
[WhiteElo "1971"]
[BlackElo "1716"]
[PlyCount "79"]
[EventDate "2019.04.12"]
[EventType "swiss (blitz)"]
[EventRounds "9"]
[EventCountry "UAE"]
[SourceTitle "CBM 189 Extra"]
[Source "ChessBase"]
[SourceDate "2019.06.03"]
[SourceVersion "1"]
[SourceVersionDate "2019.06.03"]
[SourceQuality "1"]

1. e4 c6 2. d4 d5 3. e5 c5 4. dxc5 Nc6 5. Bb5 e6 6. Be3 Qc7 7. Nf3 Bd7 8. Bxc6 Bxc6 9. 0-0 h6 10. c3 g5 11. Bd4 Bb5 12. Na3 Bxf1 13. Qxf1 a6 14. b4 g4 15. Nd2 Bg7 16. Qe2 h5 17. c4 Ne7 18. cxd5 exd5 19. Nb3 Rh6 20. Rd1 Re6 21. f4 gxf3 22. Qxf3 Bxe5 23. Qxh5 Ng6 24. Qh3 Ke7 25. b5 Rh8 26. Qf3 Bxd4+ 27. Nxd4 Qxh2+ 28. Kf2 Re4 29. Nf5+ Ke6 30. Nd4+ Rxd4 31. Rxd4 Rh4 32. Qxd5+ Kf6 33. Qd6+ Qxd6 34. Rxd6+ Ke5 35. Nc4+ Ke4 36. Nd2+ Ke5 37. Nf3+ Kf5 38. Nxh4+ Nxh4 39. bxa6 bxa6 40. Rxa6 1-0